000 00551nam a22001937a 4500
003 UA-OsUOA
001 12113
007 ta
008 20050429b un ||||| |||| 00| 0 ukr d
942 _cSA
040 _aUA-OsUOA
_brus
_cUA-OsUOA
_dUA-OsUOA
245 _a"Наш журнал - это объединение идеалистов"
300 _aС.278-285
955 _a0
041 _arus
044 _aRU
773 0 _w0
_tИностранная литература
_dМ.
_d2005
_g№3
650 7 _aЛітературознавство
_2UDC
999 _c298274
_d298274